LEADER 01801nam a2200337 i 4500 001 000000108694 003 CaOOAMICUS 005 20071206101017.0 008 071206s2007 be b u100 u eng c 020 $z978-90-5867-632-0 (Leuven University Press)* 020 $z978-90-429-1993-8 (Peeters Leuven)* 040 $aUSC$bita$dMICH$dPUL$dLDB 041 0 $aeng$ager$agrc$aita 100 1 $aDehandschutter, Boudewijn.$0(OLS)http://pul/name/6703 245 10$aPolycarpiana :$bstudies on martyrdom and persecution in early Christianity : collected essays /$cby Boudewijn Dehandschutter ; edited by J. Leemans. 260 $aLeuven :$bLeuven University Press ;$aLeuven :$bUitgeverij Peetres,$cc2007. 300 $axvi, 286 p. ;$c25 cm. 490 1 $aBibliotheca Ephemeridum theologicarum Lovaniensium ;$v0205 504 $aBibliografia. 546 $aTesto in francese, greco, inglese o tedesco. 650 14$aPersecuzioni$xChiesa antica.$0(OLS)http://pul/subject/6521 700 1 $aLeemans, Johan,$d1965-$0(OLS)http://pul/name/59504 830 0$aBibliotheca Ephemeridum theologicarum Lovaniensium ;$v0205.$0(OLS)http://pul/title/1445 850 $aPUL 852 $aPUL$W1$xSL Religione 1$y3$m17 A 205$j123940$qStampati$B122845$CPULBib$Z2$F122845 $H105910 $82 941 1 $a8 996 $6020$z978-90-5867-632-0 (Leuven University Press)*$9(OLS)http://pul/number/136499 996 $6020$z978-90-429-1993-8 (Peeters Leuven)*$9(OLS)http://pul/number/136500 996 $6245$aPolycarpiana :$bstudies on martyrdom and persecution in early Christianity : collected essays$9(OLS)http://pul/title/136752 996 $6260$aLeuven :$bLeuven University Press$9(OLS)http://pul/publisher/48301 996 $6260$aLeuven :$bUitgeverij Peetres$9(OLS)http://pul/publisher/74466 LEADER 01537nam a2200289 a 4500 001 000000080721 003 CaOOAMICUS 005 20130227095148.0 008 050131s2000 it u000 u eng u 035 $a11024738 040 $aPUL$bita 100 1 $aKarotemprel, Sebastian,$d1951-$0(OLS)http://pul/name/53840 245 10$aChurch and mission :$ba theological study of "Redemptoris missio" and its implications on theology of mission in India /$cSebastian Karotemprel Jr. 260 $aRomae :$b[s.n.],$c2000. 300 $avii, 167 p.$c24 cm 500 $aIn testa al front.: "Pontificia Universitas Sanctae Crucis. Facultas Theologiae". 500 $aSul front.: "Thesis ad Doctoratum in Sacra Theologia partim edita". 502 $aThesis (Doct.) -- Pontificia Universitas Sanctae Crucis. Facultas Theologiae. 504 $aBibliografia: p. [135]-161. 650 4$aMissioni cattoliche.$0(OLS)http://pul/subject/7697 651 4$aIndia$xStoria ecclesiastica.$0(OLS)http://pul/subject/21772 710 2 $aPontificia Universitą della Santa Croce.$bFacoltą di teologia.$kTesi.$0(OLS)http://pul/name/81920 850 $aPUL 852 $aPUL$W1$xDP1 Tesi Pon. Univ. S. Croce$y43$m2000 B 2$j118336$nBK-PRI$qTesi$B103070$CPULBib$Z2$F103070 $H96991 $82 941 1 $a16 996 $6245$aChurch and mission :$ba theological study of "Redemptoris missio" and its implications on theology of mission in India$9(OLS)http://pul/title/105677 996 $6260$aRomae :$b[s.n.]$9(OLS)http://pul/publisher/48223